|
|
|
|
| LEADER |
01228nam a22003732a 4500 |
| 001 |
001411349 |
| 003 |
CZ BrMZK |
| 005 |
20141014141921.0 |
| 007 |
ta |
| 008 |
140813s1959 xr er|||||||||||cze d |
| 015 |
|
|
|a cnb000460884
|
| 035 |
|
|
|a (OCoLC)85326243
|
| 040 |
|
|
|a ABA001
|b cze
|c ULG001
|d ABA001
|d ABA009
|d BOA001
|
| 072 |
|
7 |
|a 630
|x Lesnictví
|2 Konspekt
|9 24
|
| 080 |
|
|
|a 630.31
|2 MRF
|
| 100 |
1 |
|
|a Matoušek, Antonín
|7 jk01080778
|4 aut
|
| 245 |
1 |
0 |
|a Lesní těžba :
|b učební text pro lesnické technické školy /
|c Antonín Matoušek
|
| 250 |
|
|
|a 1. vyd.
|
| 260 |
|
|
|a Praha :
|b Státní pedagogické nakladatelství,
|c 1959
|
| 300 |
|
|
|a 428 s. ;
|c 8°
|
| 500 |
|
|
|a 1560 výt.
|
| 504 |
|
|
|a Obsahuje bibliografii
|
| 650 |
0 |
7 |
|a lesní hospodářství
|2 czenas
|
| 650 |
0 |
7 |
|a lesní těžba
|2 czenas
|
| 650 |
0 |
7 |
|a lesnické stroje
|2 czenas
|
| 650 |
0 |
7 |
|a důlní stroje
|7 ph138244
|2 czenas
|
| 650 |
0 |
7 |
|a dříví
|2 czenas
|
| 650 |
0 |
7 |
|a druhy
|2 czenas
|
| 650 |
0 |
7 |
|a zpracování
|2 czenas
|
| 655 |
|
7 |
|a učebnice středních škol
|7 fd133771
|2 czenas
|
| 910 |
|
|
|a BOA001
|b 2-0419.962
|
| 990 |
|
|
|a BK
|
| 991 |
|
|
|b 201408
|
| 996 |
6 |
|
|b 2619041531
|c 2-0419.962
|l MZK
|r Sklad / do 24 hodin
|n 1
|w 001446539
|u 000010
|a 1
|e BOA001
|j MZK50
|s P
|